Hadith-hadith tentang peradilan agama

Bibliographic Details
Main Author: Rahman, Fatchur (Author)
Format: Book
Published: Jakarta : Bulan Bintang , 1977
Subjects:

MARC

LEADER 00000cam a2200000 7i4500
001 0000006617
005 20031224093000.0
008 021119s1977
090 0 0 |a BP135   |b .R33 
100 0 |a Rahman, Fatchur ,   |e author 
245 0 0 |a Hadith-hadith tentang peradilan agama   |c Fatchur Rahman 
260 2 |a Jakarta :   |b Bulan Bintang ,   |c 1977 
300 |a 250 ms. ;   |c 21 sm. 
650 0 |a Hadith 
650 0 |a Islamic law 
650 0 |a Sunna 
999 |a 1000057835   |b Book   |c OPEN SHELF (30 DAYS)   |e Gong Badak Campus 
999 |a 1000078026   |b Book   |c OPEN SHELF (30 DAYS)   |e Gong Badak Campus